000 00589nam a2200193Ia 4500
003 GCL
008 140319s9999 xx 000 0 ara d
040 _aGCL /
_cGCL
082 0 4 _aد
_b050
100 1 _aمحمد عصفور (مترجم)
245 1 0 _aالبدائية (عالم المعرفة 53) /
_cمحمد عصفور (مترجم)
700 1 _aمونتاغيوظن اشلى
300 _a372 ص
490 _aعالم المعرفة
_v0
650 0 4 _aالبدائية
650 0 4 _aالبدائية فى الفن
650 0 4 _aالبدائية فى الادب
942 _2ddc
_cBK
999 _c50370
_d50370